| 000 | 00429nam a2200145 i 4500 | ||
|---|---|---|---|
| 001 | bg | ||
| 100 | 1 | _aNOWAKOWSKA, Maria | |
| 245 | 0 |
_aNowe idee w naukach społecznych / _cMaria Nowakowska. |
|
| 260 |
_aWrocław, _c1980. |
||
| 040 | _cBPK | ||
| 041 | _apol | ||
| 942 | _cKS | ||
| 008 | s pl f |000 0 pol | ||
| 856 |
_uhttp://koha.tu.koszalin.pl/cgi-bin/koha/opac-detail.pl?biblionumber=19439 _yKatalog online BPK |
||
| 999 |
_c19439 _d19439 |
||